| 000 | 00449nam a2200169Ia 4500 | ||
|---|---|---|---|
| 005 | 20240823064205.0 | ||
| 008 | 240823s9999||||xx |||||||||||||| ||und|| | ||
| 041 | _aENGLISH | ||
| 082 | _A572.8636 Q1 | ||
| 100 | _a"Deshmukh, Shailaja R" | ||
| 245 | 0 | _aMicroarray Data : Statistical Analysis Using R | |
| 260 |
_c2011 _bNarosa Publishing |
||
| 500 | _aYES | ||
| 650 |
_aMicroarray _bMathematics |
||
| 700 | _a" Purohit, Sudha G" | ||
| 942 | _cNB | ||
| 999 |
_c240114 _d240114 |
||